FC Porto 2019/2020 Squad - Statistics

General Stats
  • This quiz has been taken 178 times
    165 since last reset
  • The average score is 19 of 28
Answer Stats
No. Answer % Correct
3 Portugal (DF) Pepe
93%
1 Spain (GK) Iker Casillas
92%
11 Mali (FW) Moussa Marega
91%
17 Mexico (FW) Jesús Corona
89%
7 Colombia (FW) Luis Díaz
84%
32 Argentina (GK) Agustín Marchesín
82%
16 Colombia (MF) Mateus Uribe
81%
19 DR Congo (DF) Chancel Mbemba
80%
- Portugal (MAN) Sérgio Conceição
80%
5 Spain (DF) Iván Marcano
79%
25 Brazil (MF) Otávio
77%
13 Brazil (DF) Alex Telles
75%
9 Cameroon (FW) Vincent Aboubakar
75%
10 Japan (FW) Shoya Nakajima
74%
20 Cabo Verde (FW) Zé Luís
73%
27 Portugal (MF) Sérgio Oliveira
71%
31 Portugal (GK) Diogo Costa
68%
22 Portugal (MF) Danilo Pereira
66%
29 Brazil (FW) Francisco Soares
64%
18 Portugal (DF) Wilson Manafá
64%
4 Portugal (DF) Diogo Leite
57%
15 Senegal (MF) Mamadou Loum
56%
6 Portugal (MF) Bruno Costa
53%
49 Portugal (FW) Fábio Silva
52%
24 Argentina (DF) Renzo Saravia
47%
51 Senegal (GK) Mouhamed Mbaye
36%
8 Portugal (MF) Romário Baró
36%
2 Portugal (DF) Tomás Esteves
31%
No matching quizzes found
Score Distribution
Percent of People with Each Score
Percentile by Number Answered
Your Score History
You have not taken this quiz since the last reset